MARC details
| 000 -LEADER |
| fixed length control field |
01074 a2200253 4500 |
| 001 - CONTROL NUMBER |
| control field |
200002662 |
| 003 - CONTROL NUMBER IDENTIFIER |
| control field |
TR-AnTOB |
| 005 - DATE AND TIME OF LATEST TRANSACTION |
| control field |
20240117151438.0 |
| 008 - FIXED-LENGTH DATA ELEMENTS--GENERAL INFORMATION |
| fixed length control field |
111030s2006 tu 000 0 |
| 040 ## - CATALOGING SOURCE |
| Original cataloging agency |
TR-AnTOB |
| Transcribing agency |
TR-AnTOB |
| Language of cataloging |
eng |
| Description conventions |
rda |
| 041 ## - LANGUAGE CODE |
| Language code of text/sound track or separate title |
Türkçe |
| 050 ## - LIBRARY OF CONGRESS CALL NUMBER |
| Classification number |
HD7269 |
| Item number |
.S45 T9 2006 |
| 090 ## - LOCALLY ASSIGNED LC-TYPE CALL NUMBER (OCLC); LOCAL CALL NUMBER (RLIN) |
| Classification number (OCLC) (R) ; Classification number, CALL (RLIN) (NR) |
HD7269 .S45 T9 2006 TOBBK |
| 110 ## - MAIN ENTRY--CORPORATE NAME |
| Corporate name or jurisdiction name as entry element |
Türkiye. |
| Subordinate unit |
Çalışma ve Sosyal Güvenlik Bakanlığı. |
| -- |
İş Teftiş Kurulu Başkanlığı |
| 9 (RLIN) |
44333 |
| 245 #0 - TITLE STATEMENT |
| Title |
Ayakkabı, saya, saraciye ve deri konfeksiyon imalatı yapılan işyerlerinde iş sağlığı ve güvenliği proje denetimi değerlendirme raporu / |
| Statement of responsibility, etc. |
Çalışma ve Sosyal Güvenlik Bakanlığı. |
| 264 #1 - PRODUCTION, PUBLICATION, DISTRIBUTION, MANUFACTURE, AND COPYRIGHT NOTICE |
| Place of production, publication, distribution, manufacture |
Ankara: |
| Name of producer, publisher, distributor, manufacturer |
Çalışma ve Sosyal Güvenlik Bakanlığı İş Teftiş Kurulu Başkanlığı, |
| Date of production, publication, distribution, manufacture, or copyright notice |
2006. |
| 300 ## - PHYSICAL DESCRIPTION |
| Extent |
72 p.: |
| Other physical details |
ill. ,grf. and tabl. |
| 650 00 - SUBJECT ADDED ENTRY--TOPICAL TERM |
| Topical term or geographic name entry element |
Ayakkabı endüstrisi |
| Geographic subdivision |
Türkiye |
| 9 (RLIN) |
31934 |
|
| Topical term or geographic name entry element |
Deri endüstrisi ve ticareti |
| Geographic subdivision |
Türkiye |
| Source of heading or term |
etuturkob |
| 9 (RLIN) |
31933 |
|
| Topical term or geographic name entry element |
Endüstriyel hijyen |
| Geographic subdivision |
Türkiye |
| 9 (RLIN) |
103960 |
|
| Topical term or geographic name entry element |
Endüstriyel güvenlik |
| Geographic subdivision |
Türkiye |
| 9 (RLIN) |
45407 |
| 942 ## - ADDED ENTRY ELEMENTS (KOHA) |
| Koha item type |
Book |
| Source of classification or shelving scheme |
Library of Congress Classification |